000 00539nam a2200157 a 4500
001 000036001
005 20200930074806.0
008 111122s2006 dr ac 000 0 spa d
040 _aDO-SdBNP
_bspa
_cBNPHU
100 1 _aRodríguez, Rhadamés
_962036
245 1 0 _aColección imágenes de la mocanidad /
_cRhadamés Rodríguez.
260 _aSanto Domingo :
_bFundación Pro-Desarrollo de Guancí,
_c2006.
300 _a70 p. :
_bil., retrs. ;
_c25 cm.
500 _aIncluye datos biografícos del autor en la contracubierta
049 _aBNPD
999 _c35492
_d35492